000 00713nac a22001691u 4500
008 100905t xxu||||| |||| 00| 0 eng d
020 _a0074517147
082 _a624.1
_bKAN
100 _aKaniraj, Shenbaga R.
_917961
245 _aDesign Aids in Soil Mechanics and Foundation Engineering /
_cShenbaga R. Kaniraj
260 _aNew Delhi :
_bTATA McGraw-Hill ,
_c1988.
300 _axi,698 p. :
_bill. ;
_c22 cm.
504 _aIncludes bibliography:p.671-682 and index
650 _aSoil mechanics
_917962
942 _cBB
_k624.1 KAN
_2ddc
999 _c2252
_d2252